Statistics for 249 Countries of the World according to ISO

Click here to take the quiz!

General Stats

  • This quiz has been taken 609 times
    (594 since last reset)
  • The average score is 136 of 249

Answer Stats

Continent Independent Country % Correct
EuropeYesUnited Kingdom
78%
North AmericaYesUnited States
77%
EuropeYesIreland
73%
EuropeYesNorway
72%
EuropeYesAlbania
72%
EuropeYesFinland
70%
EuropeYesFrance
70%
EuropeYesSweden
70%
EuropeYesDenmark
70%
EuropeYesAndorra
70%
EuropeYesAustria
69%
AsiaYesChina
69%
EuropeYesIceland
69%
EuropeYesGermany
69%
AsiaDisputedTaiwan
69%
EuropeYesBelgium
69%
North AmericaYesCanada
69%
AfricaYesAlgeria
68%
South AmericaYesArgentina
68%
EuropeYesRussia
68%
EuropeYesNetherlands
67%
OceaniaYesAustralia
67%
EuropeYesArmenia
67%
AsiaYesSouth Korea
67%
AsiaYesIsrael
67%
South AmericaYesBrazil
67%
EuropeYesSan Marino
66%
EuropeYesSpain
66%
EuropeYesSwitzerland
66%
AsiaYesIraq
66%
EuropeYesVatican City
66%
AsiaYesIran
66%
South AmericaYesChile
66%
AsiaYesNorth Korea
66%
EuropeYesMacedonia
66%
EuropeYesPortugal
66%
EuropeYesLithuania
65%
AsiaYesAfghanistan
65%
EuropeYesMonaco
65%
EuropeYesEstonia
65%
EuropeYesPoland
65%
EuropeYesSerbia
65%
North AmericaDenmarkGreenland
65%
AsiaYesJapan
65%
AsiaYesBhutan
65%
South AmericaYesGuyana
64%
OceaniaYesFiji
64%
AsiaYesPakistan
64%
OceaniaYesNew Zealand
64%
EuropeYesHungary
64%
South AmericaYesParaguay
64%
EuropeYesBulgaria
64%
North AmericaYesCuba
64%
AfricaYesSouth Africa
64%
AfricaYesSudan
64%
EuropeYesBelarus
64%
North AmericaYesDominica
64%
North AmericaYesMexico
64%
EuropeYesCroatia
64%
North AmericaYesBahamas
64%
AfricaYesKenya
64%
South AmericaYesBolivia
64%
AsiaYesVietnam
64%
EuropeYesLatvia
64%
AsiaYesIndia
64%
North AmericaYesHonduras
63%
EuropeYesBosnia and Herzegovina
63%
AfricaYesRepublic of the Congo
63%
North AmericaYesDominican Republic
63%
South AmericaYesVenezuela
63%
North AmericaYesNicaragua
63%
South AmericaYesPeru
63%
South AmericaYesUruguay
63%
AfricaYesAngola
63%
AsiaYesYemen
63%
EuropeYesMalta
63%
North AmericaYesHaiti
63%
AfricaYesSouth Sudan
63%
EuropeYesSlovenia
63%
EuropeYesMontenegro
63%
EuropeYesSlovakia
63%
EuropeYesUkraine
63%
AsiaYesBahrain
62%
AfricaYesZambia
62%
North AmericaYesSaint Vincent and the Grenadines
62%
AsiaYesAzerbaijan
62%
AsiaYesBangladesh
62%
AfricaYesZimbabwe
62%
EuropeYesCzechia
62%
AsiaYesCambodia
62%
North AmericaYesBarbados
62%
AfricaYesUganda
62%
North AmericaYesPanama
62%
AfricaYesMorocco
62%
AfricaYesNigeria
62%
AfricaYesEgypt
62%
North AmericaYesGuatemala
62%
North AmericaYesJamaica
62%
North AmericaYesBelize
62%
EuropeYesMoldova
62%
North AmericaYesCosta Rica
62%
AfricaYesNiger
62%
EuropeYesLuxembourg
62%
AsiaYesUzbekistan
62%
EuropeYesRomania
62%
AsiaYesTurkey
62%
AsiaYesOman
62%
AsiaYesMongolia
62%
AsiaYesNepal
62%
EuropeYesGreece
62%
AsiaYesThailand
62%
South AmericaYesSuriname
62%
AsiaYesGeorgia
62%
OceaniaYesPalau
61%
North AmericaYesEl Salvador
61%
AfricaYesRwanda
61%
AsiaYesSyria
61%
AsiaDisputedPalestine
61%
OceaniaYesTonga
61%
AsiaYesMyanmar
61%
South AmericaYesEcuador
61%
OceaniaYesTuvalu
61%
EuropeYesLiechtenstein
61%
AsiaYesLaos
61%
EuropeYesItaly
61%
AfricaYesMali
61%
South AmericaYesColombia
61%
AfricaYesGuinea
61%
AsiaYesUnited Arab Emirates
61%
AfricaYesLibya
61%
AsiaYesIndonesia
61%
AsiaYesKuwait
60%
AfricaYesTanzania
60%
OceaniaYesSolomon Islands
60%
AsiaYesLebanon
60%
AfricaYesBotswana
60%
AfricaYesBenin
60%
North AmericaYesSaint Lucia
60%
AfricaYesChad
60%
AfricaYesBurundi
60%
AfricaYesEritrea
60%
AsiaYesSri Lanka
60%
AfricaYesGambia
60%
OceaniaYesNauru
60%
OceaniaYesSamoa
59%
OceaniaYesMarshall Islands
59%
AfricaYesMozambique
59%
AfricaYesCentral African Republic
59%
AsiaYesCyprus
59%
AfricaYesDjibouti
59%
AfricaYesGhana
59%
AsiaYesTurkmenistan
59%
AsiaYesJordan
59%
AsiaYesMalaysia
59%
AsiaYesQatar
59%
AsiaYesSaudi Arabia
59%
AfricaYesLesotho
59%
AfricaYesEthiopia
59%
AfricaYesSomalia
59%
AfricaYesSwaziland
59%
AfricaYesTogo
59%
AfricaYesNamibia
59%
AfricaYesSeychelles
59%
AsiaYesTajikistan
58%
AsiaYesSingapore
58%
AfricaYesComoros
58%
AfricaYesMadagascar
58%
AfricaYesCameroon
58%
AsiaYesMaldives
58%
North AmericaYesGrenada
58%
OceaniaYesKiribati
57%
OceaniaYesMicronesia
57%
AfricaYesTunisia
57%
OceaniaYesPapua New Guinea
57%
AfricaYesMauritania
57%
AfricaYesMalawi
57%
AfricaYesBurkina Faso
57%
AfricaYesCabo Verde
57%
OceaniaYesVanuatu
57%
AsiaYesBrunei
57%
AfricaYesLiberia
57%
AfricaYesCôte d'Ivoire
57%
AfricaYesGuinea-Bissau
57%
AfricaYesMauritius
57%
AfricaYesSenegal
57%
AsiaYesKyrgyzstan
56%
AsiaYesKazakhstan
56%
North AmericaYesTrinidad and Tobago
55%
AfricaYesEquatorial Guinea
55%
AfricaYesSierra Leone
55%
AfricaYesGabon
54%
North AmericaYesSaint Kitts and Nevis
54%
North AmericaYesAntigua and Barbuda
54%
AsiaYesTimor-Leste
53%
AfricaYesSão Tomé and Príncipe
53%
AsiaYesPhilippines
53%
AsiaChinaHong Kong
47%
South AmericaUKFalkland Islands
46%
North AmericaUSAPuerto Rico
44%
AfricaYesDR Congo
42%
EuropeDenmarkFaroe Islands
41%
North AmericaUKVirgin Islands
40%
OceaniaUSAGuam
40%
North AmericaNetherlandsAruba
39%
EuropeUKGibraltar
38%
EuropeUKIsle of Man
37%
AfricaDisputedWestern Sahara
37%
AsiaChinaMacao
36%
North AmericaUKBermuda
35%
EuropeUKJersey
34%
South AmericaFranceFrench Guiana
33%
OceaniaNew ZealandCook Islands
31%
North AmericaNetherlandsCuraçao
31%
OceaniaUSAAmerican Samoa
30%
North AmericaFranceGuadeloupe
30%
EuropeUKGuernsey
30%
North AmericaFranceSaint Martin
29%
OceaniaFranceFrench Polynesia
29%
North AmericaFranceMartinique
29%
AsiaAustraliaChristmas Island
29%
EuropeNorwaySvalbard and Jan Mayen
28%
OceaniaFranceNew Caledonia
27%
AfricaFranceRéunion
27%
EuropeFinlandÅland Islands
25%
North AmericaUKCayman Islands
25%
OceaniaNew ZealandNiue
24%
North AmericaUSAU.S. Virgin Islands
24%
North AmericaNetherlandsCaribbean Netherlands
23%
North AmericaNetherlandsSint Maarten
23%
North AmericaUKAnguilla
21%
AfricaUKSaint Helena, Ascension and Tristan da Cunha
21%
North AmericaUKMontserrat
20%
AntarcticaCondominiumAntarctica
19%
AfricaFranceMayotte
19%
OceaniaUSANorthern Mariana Islands
18%
AsiaAustraliaCocos Islands
18%
OceaniaAustraliaNorfolk Island
17%
North AmericaFranceSaint Pierre and Miquelon
16%
OceaniaUKPitcairn Islands
16%
OceaniaFranceWallis and Futuna
14%
OceaniaNew ZealandTokelau
14%
North AmericaFranceSaint Barthélemy
14%
AsiaUKBritish Indian Ocean Territory
14%
North AmericaUKTurks and Caicos Islands
14%
AntarcticaUKSouth Georgia and the South Sandwich Islands
11%
AntarcticaNorwayBouvet Island
11%
AfricaFranceFrench Southern Territories
10%
OceaniaUSAUnited States Minor Outlying Islands
9%
AntarcticaAustraliaHeard Island and McDonald Islands
8%

Score Distribution

Percentile by Number Answered

Percent of People with Each Score

Your Score History

You have not taken this quiz since the last reset